Arteria Subclavia - Statistics

General Stats
  • This quiz has been taken 8 times
  • The average score is 9 of 19
Answer Stats
Hint Answer % Correct
truncus costocervicalis
80%
arteria thoracica interna
80%
truncus thyreocervicalis
80%
arteria vertebralis
80%
се спојуваат во basilaris
60%
arteria intercostalis suprema
60%
arteria cervicalis ascendens
40%
arteria cervicalis profunda
40%
arteria cervicalis superficialis
40%
arteria dorsalis scapulae
40%
rr. musculares
40%
rr. musculares
40%
rr. spinales
40%
arteria spinalis anterior
40%
arteria spinalis posterior
40%
arteria thyroidea inferior
40%
arteria cerebellaris inferior posterior
20%
arteria laryngea inferior
20%
arteria suprascapularis
20%
No matching quizzes found
Score Distribution
Percent of People with Each Score
Percentile by Number Answered
Your Score History
You have not taken this quiz